[Event "Amager Klubmesterskab 2009"]
[Site "Sundbyoster"]
[Date "2009.02.17"]
[Round "4"]
[White "Larsen, Ulrik Jejlskov"]
[Black "Nielsen, Bjorn"]
[Result "1-0"]
[WhiteElo "1638"]
[BlackElo "1083"]
[PlyCount "115"]
[EventDate "2009.??.??"]

1. d4 d5 2. e3 e6 3. Bd3 Nf6 4. Nd2 Bd7 5. Ngf3 Bb4 6. c3 Bd6 7. Qe2 O-O 8. O-O
Nc6 9. e4 dxe4 10. Nxe4 Be7 11. Nxf6+ Bxf6 12. Qe4 g6 13. Bh6 Bg7 14. Qe3 Qf6
15. Bg5 Bh6 16. Bxf6 Bxe3 17. fxe3 Rfe8 18. Ne5 Nxe5 19. Bxe5 f5 20. Bxc7 Bc6
21. Rae1 Rac8 22. Be5 a6 23. e4 Rf8 24. Bd6 Rf7 25. e5 Rg7 26. Bc4 Re8 27. g4
Be4 28. Rxe4 fxe4 29. Bxe6+ Kh8 30. Bd5 Rd7 31. Bxb7 Rxb7 32. b4 g5 33. d5 Kg7
34. e6 a5 35. e7 Rd7 36. Bc5 Rxd5 37. Rf8 Rxc5 38. Rxe8 Re5 39. Kf2 axb4 40.
cxb4 Kf7 41. Rh8 Kxe7 42. Rxh7+ Ke6 43. Ke3 Kd5 44. Ra7 Re8 45. Ra5+ Kc4 46.
Rxg5 Kxb4 47. h4 Ra8 48. h5 Ra3+ 49. Kxe4 Ra4 50. h6 Ka3+ 51. Kf5 Ra8 52. h7
Rh8 53. Rh5 Kxa2 54. Kg6 Ra8 55. h8=Q Ra6+ 56. Kg5 Ra3 57. Rh2+ Kb1 58. Qb2#
1-0

[Event "Amager Klubmesterskab 2009"]
[Site "Sundbyoster"]
[Date "2009.02.17"]
[Round "4"]
[White "Lunding, Peter M"]
[Black "Nielsen, Mogens Bach"]
[Result "1-0"]
[WhiteElo "1912"]
[BlackElo "1755"]
[PlyCount "65"]
[EventDate "2009.??.??"]

1. d4 d5 2. Nf3 Nf6 3. Bg5 e6 4. Nbd2 Nbd7 5. c3 Be7 6. e3 Ne4 7. Bxe7 Qxe7 8.
Nxe4 dxe4 9. Nd2 f5 10. Bc4 Nb6 11. Bb3 Bd7 12. Qe2 a6 13. a4 O-O 14. O-O Rf6
15. f3 exf3 16. Rxf3 Rg6 17. e4 fxe4 18. Nxe4 Rf8 19. Rxf8+ Kxf8 20. Nc5 Kf7
21. Nd3 Rf6 22. Ne5+ Kf8 23. Ng4 Rf7 24. Qe4 Nd5 25. Ne5 Rf5 26. g4 Qh4 27.
Nxd7+ Ke7 28. Re1 Nf4 29. gxf5 Nh3+ 30. Kg2 Nf4+ 31. Kh1 Kxd7 32. Bxe6+ Kd8 33.
Rf1 1-0

[Event "Amager Klubmesterskab 2009"]
[Site "Sundbyoster"]
[Date "2009.02.17"]
[Round "4"]
[White "Nielsen, John Holm"]
[Black "Jacobsen, Mads Holger Bang"]
[Result "1-0"]
[WhiteElo "2003"]
[BlackElo "1791"]
[PlyCount "89"]
[EventDate "2009.??.??"]

1. Nc3 c5 2. Nf3 Nc6 3. d4 cxd4 4. Nxd4 e6 5. e4 a6 6. Be3 Qc7 7. Bd3 Nf6 8.
O-O Bb4 9. Nce2 Ng4 10. Bf4 e5 11. Bg3 d6 12. Nb3 Be6 13. a3 Bc5 14. Nxc5 dxc5
15. Nc3 Rd8 16. Nd5 Qd6 17. c4 O-O 18. h3 Nh6 19. f4 f5 20. fxe5 Nxe5 21. Qc2
Bxd5 22. exd5 g6 23. Rae1 f4 24. Bh2 Rf6 25. Re4 Nxd3 26. Qxd3 Rdf8 27. Rfe1
Qd7 28. Re7 Qc8 29. d6 R6f7 30. Qd5 Kh8 31. d7 Qc7 32. Re8 Rxd7 33. Rxf8+ Kg7
34. Qg5 Kxf8 35. Qxh6+ Rg7 36. Qxf4+ Qxf4 37. Bxf4 Rf7 38. Bd6+ Kg7 39. Re7
Rxe7 40. Bxe7 b6 41. Bd8 b5 42. b3 Kf7 43. Bb6 bxc4 44. bxc4 Ke6 45. Bxc5 1-0

[Event "Amager Klubmesterskab 2009"]
[Site "Sundbyoster"]
[Date "2009.02.23"]
[Round "4"]
[White "Nielsen, Jens Holm"]
[Black "Petersen, Nils"]
[Result "1-0"]
[WhiteElo "1829"]
[BlackElo "2032"]
[PlyCount "123"]
[EventDate "2009.??.??"]

1. f4 d5 2. Nf3 c5 3. e3 Nf6 4. b3 g6 5. Bb2 Bg7 6. Bb5+ Bd7 7. Bxd7+ Nbxd7 8.
O-O O-O 9. Qe1 e6 10. d3 Nh5 11. Bxg7 Kxg7 12. Nbd2 f5 13. g3 Qe7 14. e4 Rfe8
15. e5 b5 16. c4 bxc4 17. bxc4 d4 18. Rb1 Rab8 19. Qf2 Kg8 20. Rb3 Rb6 21. Rfb1
Reb8 22. Ne1 Nf8 23. Ndf3 Qc7 24. Nc2 Ng7 25. Qd2 Rxb3 26. axb3 a5 27. Qd1 Ne8
28. Na3 Qc6 29. Nd2 Nc7 30. Kf2 Nd7 31. h3 Rf8 32. Ra1 Ra8 33. Qf3 Qxf3+ 34.
Kxf3 a4 35. Nb5 Nxb5 36. cxb5 a3 37. Nc4 a2 38. Ke2 Rb8 39. Nd6 Ra8 40. Kd2 Nb6
41. Nb7 Nd7 42. Kc2 Ra7 43. Nd6 Nb6 44. Kb2 Nd5 45. Rxa2 Rxa2+ 46. Kxa2 Nb4+
47. Kb1 Nxd3 48. b6 Nb4 49. b7 Na6 50. Kc2 Kf8 51. Kd3 Ke7 52. Kc4 d3 53. Kxd3
Kd7 54. Kc4 Kc6 55. Nf7 Kxb7 56. Ng5 Kc6 57. Nxh7 Nb8 58. Nf8 Kb6 59. Nxg6 Nd7
60. h4 Kc6 61. h5 Nb6+ 62. Kd3 1-0

[Event "Amager Klubmesterskab 2009"]
[Site "Sundbyoster"]
[Date "2009.03.03"]
[Round "4"]
[White "Svensson, John Michael"]
[Black "Friis, Jordy"]
[Result "1/2-1/2"]
[WhiteElo "1518"]
[BlackElo "1427"]
[PlyCount "81"]
[EventDate "2009.??.??"]

1. d4 Nf6 2. Nf3 e6 3. Bg5 b6 4. Nc3 Be7 5. e4 Bb7 6. Bd3 d5 7. exd5 Nxd5 8.
Bxe7 Qxe7 9. Nxd5 Bxd5 10. O-O O-O 11. Re1 Nd7 12. c3 Qf6 13. Re3 Rad8 14. Qc2
h6 15. Qa4 c5 16. c4 cxd4 17. Ree1 Bxf3 18. gxf3 Qxf3 19. Be4 Qg4+ 20. Bg2 d3
21. Qxa7 Qxc4 22. Bf1 Qg4+ 23. Kh1 b5 24. Qe3 d2 25. Qxd2 Ne5 26. Qe3 Qf3+ 27.
Qxf3 Nxf3 28. Re3 Nd4 29. Rd1 b4 30. Re4 Nc6 31. Rc1 Nd4 32. Rc4 Nf3 33. Rxb4
Nd2 34. Re1 Nxf1 35. Rxf1 Rd2 36. a4 Rc8 37. Kg2 Rcc2 38. b3 Ra2 39. Rb5 Rd3
40. Rb1 Rdd2 41. Rf1 1/2-1/2

[Event "Amager Klubmesterskab 2009"]
[Site "Sundbyoster"]
[Date "2009.03.10"]
[Round "5"]
[White "Friis, Jordy"]
[Black "Herup, Charni"]
[Result "1/2-1/2"]
[WhiteElo "1427"]
[BlackElo "1485"]
[PlyCount "45"]
[EventDate "2009.??.??"]

1. e4 Nc6 2. d4 e5 3. dxe5 Nxe5 4. Nf3 Nxf3+ 5. Qxf3 d6 6. Nc3 Nf6 7. Bd3 Be7
8. Bf4 O-O 9. O-O c6 10. Qe2 Bg4 11. Qe3 Be6 12. Rad1 Nh5 13. Bg3 Nxg3 14. Qxg3
Bf6 15. Be2 Bxc3 16. Qxc3 Qe7 17. a3 d5 18. exd5 Bxd5 19. Rfe1 Qg5 20. Bf3 Bxf3
21. Qxf3 Rfe8 22. Qc3 Qf5 23. Qb3 1/2-1/2

[Event "Amager Klubmesterskab 2009"]
[Site "Sundbyoster"]
[Date "2009.04.07"]
[Round "5"]
[White "Gade, Jens"]
[Black "Varming, Thomas"]
[Result "1-0"]
[WhiteElo "1394"]
[BlackElo "1820"]
[PlyCount "57"]
[EventDate "2009.??.??"]

1. f4 e5 2. fxe5 d6 3. exd6 Bxd6 4. Nf3 g5 5. g3 g4 6. Nh4 Be7 7. Ng2 h5 8. d4
Nc6 9. c3 h4 10. Bf4 Nf6 11. Qd3 h3 12. Nh4 Rxh4 13. gxh4 Qd5 14. Rg1 Bf5 15.
Qe3 O-O-O 16. Nd2 Re8 17. Qf2 Nh5 18. Bg3 Bg6 19. e3 Bf8 20. Bc4 Qd7 21. O-O-O
Na5 22. Bb3 Nxb3+ 23. axb3 Qb5 24. e4 Bh6 25. Rge1 Rxe4 26. Rxe4 Bxe4 27. Qxf7
Nxg3 28. hxg3 Qd3 29. Qe8# 1-0

[Event "Amager Klubmesterskab 2009"]
[Site "Sundbyoster"]
[Date "2009.03.10"]
[Round "5"]
[White "Justesen, Martin"]
[Black "Larsen, Kim"]
[Result "1/2-1/2"]
[WhiteElo "1467"]
[BlackElo "1538"]
[PlyCount "54"]
[EventDate "2009.??.??"]

1. e4 e5 2. Nf3 Nc6 3. Bb5 a6 4. Ba4 Bc5 5. c3 b5 6. Bc2 d6 7. O-O Bg4 8. d3
Nge7 9. Be3 O-O 10. Nbd2 f5 11. Bxc5 dxc5 12. a4 f4 13. Qb1 Qd6 14. h3 Bh5 15.
Nb3 Bxf3 16. gxf3 c4 17. Nd2 cxd3 18. Bb3+ Kh8 19. Kh2 b4 20. Bc4 Rad8 21. Rg1
Rf6 22. Rg2 Rh6 23. Qg1 Qd7 24. Rg4 Ng8 25. Qg2 Nf6 26. Rg5 a5 27. Rg1 g6
1/2-1/2

[Event "Amager Klubmesterskab 2009"]
[Site "Sundbyoster"]
[Date "2009.03.10"]
[Round "5"]
[White "Lunding, Peter M"]
[Black "Nielsen, John Holm"]
[Result "1/2-1/2"]
[WhiteElo "1912"]
[BlackElo "2003"]
[PlyCount "37"]
[EventDate "2009.??.??"]

1. d4 d5 2. Nf3 Nf6 3. Bg5 e6 4. Nbd2 Be7 5. e3 Nbd7 6. Bd3 O-O 7. Qe2 c5 8. c3
b6 9. O-O Bb7 10. h3 Re8 11. Bf4 Ne4 12. Ne5 Nxe5 13. Bxe5 Bf6 14. f3 Nxd2 15.
Qxd2 Bxe5 16. dxe5 Qc7 17. f4 Rad8 18. Rad1 g6 19. Qf2 1/2-1/2

[Event "Amager Klubmesterskab 2009"]
[Site "Sundbyoster"]
[Date "2009.03.10"]
[Round "5"]
[White "Nielsen, Bjorn"]
[Black "Svensson, John Michael"]
[Result "0-1"]
[WhiteElo "1083"]
[BlackElo "1518"]
[PlyCount "104"]
[EventDate "2009.??.??"]

1. d4 Nf6 2. c4 g6 3. e3 Bg7 4. Nc3 b6 5. Bd3 Bb7 6. Nf3 O-O 7. O-O d6 8. d5 c6
9. e4 cxd5 10. exd5 Nbd7 11. b3 Nxd5 12. cxd5 Bxc3 13. Bh6 Bxa1 14. Qxa1 Nf6
15. Bxf8 Qxf8 16. Bc4 Nxd5 17. a4 Qg7 18. Qd1 Nc3 19. Qd3 d5 20. Bb5 Nxb5 21.
Qxb5 Rd8 22. Qd3 e5 23. Nd2 f5 24. b4 e4 25. Nxe4 fxe4 26. Qb3 Kh8 27. h3 d4
28. Rd1 Bd5 29. Qg3 d3 30. Qh4 Rd7 31. Qf4 Qe7 32. Qd2 Rc7 33. Qb2+ Kg8 34. Qd4
Bb3 35. Re1 Rd7 36. Qe3 d2 37. Re2 d1=Q+ 38. Re1 Qd3 39. Qf4 Rd4 40. Qc1 Rc4
41. Qf4 Qc3 42. Re3 Qa1+ 43. Kh2 Qee5 44. g3 Qxf4 45. gxf4 Rxb4 46. Kg3 Be6 47.
Kg2 Bf5 48. a5 Qxa5 49. Kh2 Rb2 50. Kg2 Qd2 51. Rf3 exf3+ 52. Kxf3 Qxf2# 0-1

[Event "Amager Klubmesterskab 2009"]
[Site "Sundbyoster"]
[Date "2009.03.10"]
[Round "5"]
[White "Nielsen, Jens Holm"]
[Black "Jacobsen, Mads Holger Bang"]
[Result "1-0"]
[WhiteElo "1829"]
[BlackElo "1791"]
[PlyCount "85"]
[EventDate "2009.??.??"]

1. f4 d5 2. Nf3 Nf6 3. e3 Bg4 4. h3 Bxf3 5. Qxf3 c5 6. g4 e6 7. g5 Nfd7 8. h4
Be7 9. b3 Qb6 10. Bb2 d4 11. Na3 dxe3 12. Qxe3 Rg8 13. Bd3 g6 14. h5 Nc6 15.
hxg6 hxg6 16. Rh7 Nf8 17. Rh2 O-O-O 18. Nc4 Qc7 19. Ne5 Nxe5 20. fxe5 Nd7 21.
O-O-O Rh8 22. Rdh1 Rxh2 23. Rxh2 Rf8 24. Be4 Nb6 25. c4 Nd7 26. Rh7 Qd8 27. Qf3
Bxg5 28. Bxb7+ Kb8 29. Ba6 Qb6 30. Bb5 Qd8 31. Bc3 Qe7 32. Ba6 Nb6 33. a4 Qd7
34. a5 Nc8 35. Bxc8 Qxc8 36. Rxf7 Rxf7 37. Qxf7 Qb7 38. Qg8+ Kc7 39. Qxg6 Qh1+
40. Kc2 Qg1 41. Qf7+ Kd8 42. Qxe6 Qg2 43. Qd5+ 1-0

[Event "Amager Klubmesterskab 2009"]
[Site "Sundbyoster"]
[Date "2009.03.10"]
[Round "5"]
[White "Nielsen, Mogens Bach"]
[Black "Kokholm, Daniel"]
[Result "1/2-1/2"]
[WhiteElo "1755"]
[BlackElo "1909"]
[PlyCount "28"]
[EventDate "2009.??.??"]

1. c4 g6 2. g3 e5 3. Nc3 Bg7 4. Bg2 d6 5. e3 Nc6 6. Nge2 Be6 7. b3 Qd7 8. h4
Nge7 9. e4 Nb4 10. d3 c5 11. Be3 h5 12. Qd2 a6 13. Nd5 Bxd5 14. cxd5 Qb5
1/2-1/2

[Event "Amager Klubmesterskab 2009"]
[Site "Sundbyoster"]
[Date "2009.03.10"]
[Round "5"]
[White "Petersen, Nils"]
[Black "Moller, Arne Vagn"]
[Result "0-1"]
[WhiteElo "2032"]
[BlackElo "1764"]
[PlyCount "78"]
[EventDate "2009.??.??"]

1. c4 Nf6 2. Nc3 e6 3. e4 d6 4. d4 Be7 5. Nf3 Nc6 6. Be2 O-O 7. O-O a6 8. h3
Nd7 9. Be3 f5 10. exf5 exf5 11. Nd5 Nf6 12. Nxe7+ Qxe7 13. d5 Ne5 14. Nxe5 dxe5
15. Bg5 h6 16. Bxf6 Rxf6 17. Qc2 Bd7 18. c5 Raf8 19. b4 Rg6 20. Bh5 Rg5 21. Qe2
g6 22. Bf3 f4 23. Kh1 Bb5 24. Qe4 Bxf1 25. Rxf1 Rd8 26. Re1 h5 27. Qxf4 Rf8 28.
Qe4 Rgf5 29. Re3 Kg7 30. a3 Kh6 31. Rd3 R8f6 32. Qe3+ Kg7 33. Rd2 b6 34. Be4
Rf4 35. g3 Rxe4 36. Qxe4 bxc5 37. bxc5 Qxc5 38. Qxe5 Qc1+ 39. Kg2 Qxd2 0-1

[Event "Amager Klubmesterskab 2009"]
[Site "Sundbyoster"]
[Date "2009.03.17"]
[Round "6"]
[White "Herup, Charni"]
[Black "Svensson, John Michael"]
[Result "0-1"]
[WhiteElo "1485"]
[BlackElo "1518"]
[PlyCount "96"]
[EventDate "2009.??.??"]

1. d4 Nf6 2. Nc3 e6 3. Bg5 Be7 4. f3 c5 5. dxc5 Bxc5 6. Qd3 Be7 7. e4 Nc6 8. a3
Qa5 9. Bf4 e5 10. Bg5 h6 11. Bxf6 Bxf6 12. Nge2 O-O 13. O-O-O Bg5+ 14. Kb1 Qd8
15. h4 Bxh4 16. g3 Be7 17. Bg2 Re8 18. f4 d6 19. f5 a6 20. Nd5 Bg5 21. Bf3 b5
22. Bh5 Na5 23. Qc3 Bb7 24. Qc7 Bxd5 25. Qxd8 Rexd8 26. Rxd5 Nc4 27. Ka2 Rac8
28. Nc3 Ne3 29. Rd3 Nxc2 30. Kb3 Nd4+ 31. Ka2 Kf8 32. Rhd1 f6 33. Ne2 Nxe2 34.
Bxe2 Ke7 35. Rb3 Rc5 36. Bf3 Rdc8 37. Kb1 R8c6 38. Be2 Kd7 39. Bd3 Kc7 40. Rb4
Be3 41. g4 Kb6 42. a4 Ka5 43. axb5 axb5 44. Rb3 b4 45. Be2 Rc1+ 46. Rxc1 Rxc1+
47. Ka2 Bd4 48. Rd3 Rc2 0-1

[Event "Amager Klubmesterskab 2009"]
[Site "Sundbyoster"]
[Date "2009.03.30"]
[Round "6"]
[White "Jacobsen, Mads Holger Bang"]
[Black "Moller, Arne Vagn"]
[Result "1-0"]
[WhiteElo "1791"]
[BlackElo "1764"]
[PlyCount "93"]
[EventDate "2009.??.??"]

1. d4 Nf6 2. c4 e6 3. Nc3 Bb4 4. Qc2 c5 5. dxc5 Bxc5 6. Nf3 O-O 7. Bg5 Be7 8.
e3 Nc6 9. a3 h6 10. Bh4 a6 11. Be2 b6 12. O-O Bb7 13. Rfd1 Nh5 14. Bxe7 Qxe7
15. Nd2 Nf6 16. Bf3 d6 17. Nde4 Qc7 18. Na4 Nxe4 19. Bxe4 f5 20. Bf3 Rf6 21.
Qb3 Ne5 22. Bxb7 Qxb7 23. Qxb6 Qxb6 24. Nxb6 Rb8 25. Rxd6 Nf7 26. Nd7 Nxd6 27.
Nxb8 Nxc4 28. b3 Nd2 29. Nd7 Rf7 30. Nc5 e5 31. Rd1 Rc7 32. Nxa6 Rc3 33. b4
Rxa3 34. b5 Rb3 35. Nc7 Nc4 36. h4 Kf7 37. Rd7+ Kf6 38. Ne8+ Ke6 39. Rc7 Rb1+
40. Kh2 Nd2 41. Nxg7+ Kf6 42. Ne8+ Ke6 43. Rc6+ Ke7 44. Ng7 f4 45. exf4 exf4
46. Nf5+ Kd7 47. Rd6+ 1-0

[Event "Amager Klubmesterskab 2009"]
[Site "Sundbyoster"]
[Date "2009.03.17"]
[Round "6"]
[White "Kokholm, Daniel"]
[Black "Lunding, Peter M"]
[Result "1/2-1/2"]
[WhiteElo "1909"]
[BlackElo "1912"]
[PlyCount "37"]
[EventDate "2009.??.??"]

1. d4 d5 2. e4 e6 3. e5 c5 4. c3 Qb6 5. Nf3 Bd7 6. Be2 Bb5 7. dxc5 Bxc5 8. O-O
Bxe2 9. Qxe2 Qa6 10. Qc2 Nd7 11. a4 Qc4 12. a5 Qe4 13. Qa4 Qxa4 14. Rxa4 f6 15.
b4 Bf8 16. Re1 Nxe5 17. Nxe5 fxe5 18. Rxe5 Kf7 19. Re1 1/2-1/2

[Event "Amager Klubmesterskab 2009"]
[Site "Sundbyoster"]
[Date "2009.03.17"]
[Round "6"]
[White "Larsen, Kim"]
[Black "Gade, Jens"]
[Result "1/2-1/2"]
[WhiteElo "1538"]
[BlackElo "1394"]
[PlyCount "99"]
[EventDate "2009.??.??"]

1. e4 e5 2. Nf3 Nc6 3. Bb5 a6 4. Ba4 Nf6 5. d3 Be7 6. O-O b5 7. Bb3 O-O 8. Be3
Na5 9. c3 d6 10. Nbd2 Nxb3 11. axb3 Ng4 12. b4 Nxe3 13. fxe3 Bb7 14. Nb3 Qd7
15. Na5 Bc8 16. d4 exd4 17. exd4 c5 18. bxc5 dxc5 19. d5 f6 20. Re1 Bd6 21. e5
fxe5 22. Nxe5 Bxe5 23. Rxe5 Qd6 24. Qh5 Qf6 25. Qe2 Bd7 26. Nb7 Qb6 27. Na5 c4+
28. Qe3 Qf6 29. b4 Rae8 30. Rxe8 Rxe8 31. Qd2 Qe5 32. Nc6 Qe4 33. Nd4 Bc8 34.
Nf3 Qe3+ 35. Qxe3 Rxe3 36. Rc1 Rd3 37. Nd4 Re3 38. Kf2 Re5 39. Re1 Rxe1 40.
Kxe1 Kf8 41. Ke2 Bb7 42. Ne6+ Ke7 43. Nxg7 Bxd5 44. g3 Be4 45. Nh5 Ke6 46. Nf4+
Ke5 47. Ke3 Bb7 48. Nh3 Kf5 49. Nf2 Ke5 50. Ng4+ 1/2-1/2

[Event "Amager Klubmesterskab 2009"]
[Site "Sundbyoster"]
[Date "2009.03.17"]
[Round "6"]
[White "Larsen, Ulrik Jejlskov"]
[Black "Friis, Jordy"]
[Result "1-0"]
[WhiteElo "1638"]
[BlackElo "1427"]
[PlyCount "75"]
[EventDate "2009.??.??"]

1. d4 Nf6 2. Nf3 b6 3. Bf4 Bb7 4. e3 e6 5. Bd3 c5 6. h3 Nc6 7. c3 Be7 8. O-O
O-O 9. Nbd2 d5 10. Qe2 Rc8 11. Rad1 cxd4 12. exd4 h6 13. Ne5 Nxe5 14. dxe5 Nd7
15. Nb3 Bg5 16. Bg3 Nc5 17. Nxc5 bxc5 18. Qg4 f5 19. exf6 Qxf6 20. f4 Bxf4 21.
Rxf4 Qe7 22. Rdf1 Rxf4 23. Rxf4 e5 24. Rf5 e4 25. Bh4 Qc7 26. Bc2 c4 27. Bf2
Re8 28. Be3 Bc8 29. Qh5 Re7 30. Rxd5 Bb7 31. Rc5 Qg3 32. Bf2 Qd6 33. Qe2 e3 34.
Qxc4+ Kh8 35. Rc8+ Bxc8 36. Qxc8+ Qd8 37. Qxd8+ Re8 38. Qxe8# 1-0

[Event "Amager Klubmesterskab 2009"]
[Site "Sundbyoster"]
[Date "2009.03.17"]
[Round "6"]
[White "Nielsen, John Holm"]
[Black "Nielsen, Jens Holm"]
[Result "1/2-1/2"]
[WhiteElo "2003"]
[BlackElo "1829"]
[PlyCount "32"]
[EventDate "2009.??.??"]

1. Nc3 d5 2. e4 d4 3. Nce2 c5 4. Ng3 Nc6 5. Bc4 Nf6 6. f4 h5 7. d3 h4 8. N3e2
h3 9. gxh3 Bxh3 10. Nxh3 Rxh3 11. Ng3 b5 12. Bb3 Na5 13. Qe2 Nxb3 14. axb3 Qd7
15. Qg2 Rh8 16. Bd2 e6 1/2-1/2

[Event "Amager Klubmesterskab 2009"]
[Site "Sundbyoster"]
[Date "2009.03.17"]
[Round "6"]
[White "Petersen, Nils"]
[Black "Justesen, Martin"]
[Result "1-0"]
[WhiteElo "2032"]
[BlackElo "1467"]
[PlyCount "97"]
[EventDate "2009.??.??"]

1. c4 e5 2. Nc3 d6 3. e4 Nf6 4. h3 Be7 5. Nf3 b6 6. d4 exd4 7. Nxd4 Bb7 8. Bd3
Nbd7 9. O-O O-O 10. Nf5 Ne5 11. Nxe7+ Qxe7 12. Nd5 Nxd5 13. exd5 Nxd3 14. Qxd3
Qf6 15. Bd2 Rfe8 16. Bc3 Qg6 17. Qf3 Qe4 18. Qg3 Qg6 19. Qxg6 fxg6 20. Rfe1 Kf7
21. a4 a5 22. Re3 Rxe3 23. fxe3 Re8 24. Kf2 Re4 25. b3 Bc8 26. Kf3 Re8 27. e4
h6 28. g4 g5 29. e5 dxe5 30. Ke4 Bd7 31. Bxe5 c6 32. Re1 b5 33. axb5 cxb5 34.
c5 Rc8 35. c6 Bxc6 36. dxc6 Rxc6 37. Rd1 g6 38. Rd7+ Ke6 39. Rg7 Rc1 40. Rxg6+
Kf7 41. Rxh6 Rb1 42. Rf6+ Ke7 43. Rf3 Ke6 44. Bf6 Re1+ 45. Kd4 Rd1+ 46. Kc3 Rd5
47. Bd4 a4 48. b4 a3 49. Rf6+ 1-0

[Event "Amager Klubmesterskab 2009"]
[Site "Sundbyoster"]
[Date "2009.03.17"]
[Round "6"]
[White "Varming, Thomas"]
[Black "Nielsen, Mogens Bach"]
[Result "0-1"]
[WhiteElo "1820"]
[BlackElo "1755"]
[PlyCount "94"]
[EventDate "2009.??.??"]

1. d4 d5 2. Nf3 c6 3. c3 Bf5 4. Bf4 e6 5. Nbd2 Nd7 6. e3 Be7 7. Ne5 Nxe5 8.
Bxe5 f6 9. Bg3 Qb6 10. Qb3 Nh6 11. Be2 Nf7 12. c4 Qxb3 13. Nxb3 Bb4+ 14. Kd1
Bd6 15. f3 Bxg3 16. hxg3 Ng5 17. Kd2 O-O-O 18. Ke1 Rhe8 19. Kf2 h6 20. Na5 e5
21. cxd5 Rxd5 22. b4 exd4 23. exd4 Rxd4 24. Nc4 Bd3 25. Bxd3 Rxd3 26. Rhe1 Rxe1
27. Rxe1 Kd7 28. Ke2 Rc3 29. Ne3 Ra3 30. Ra1 Ke6 31. Nc4 Rc3 32. Ne3 c5 33.
bxc5 Rxc5 34. Kd3 Nf7 35. Re1 b6 36. f4 Kd6 37. Nc4+ Kd7 38. Ne3 Nd6 39. g4 Ra5
40. Re2 Ra3+ 41. Kd4 Ra4+ 42. Kd3 Rxf4 43. Nd5 Rxg4 44. Re7+ Kc6 45. Ne3 Ra4
46. Rxg7 Ra3+ 47. Ke2 Rxe3+ 0-1

[Event "Amager Klubmesterskab 2009"]
[Site "Sundbyoster"]
[Date "2009.03.24"]
[Round "7"]
[White "Herup, Charni"]
[Black "Larsen, Ulrik Jejlskov"]
[Result "1-0"]
[WhiteElo "1485"]
[BlackElo "1638"]
[PlyCount "112"]
[EventDate "2009.??.??"]

1. e4 d5 2. exd5 Qxd5 3. Nc3 Qa5 4. d4 Nf6 5. Bd2 c6 6. Bc4 Bf5 7. Qf3 e6 8. d5
Bg4 9. Qg3 Qc5 10. Qc7 Nbd7 11. Qxb7 Rb8 12. Qxc6 exd5 13. Qxc5 Bxc5 14. Nxd5
Nxd5 15. Bxd5 Rxb2 16. Bb3 Bd4 17. c3 Bf6 18. h3 Bf5 19. Nf3 Be4 20. Rd1 Bc2
21. Bxc2 Rxc2 22. O-O O-O 23. Be3 Nb6 24. Bd4 Bxd4 25. cxd4 Rxa2 26. Ra1 Rxa1
27. Rxa1 Ra8 28. Ra6 f6 29. g4 Kf7 30. Kf1 Nd5 31. Ke1 g5 32. Kd2 Nb4 33. Ra4
a5 34. Kc3 Ke6 35. Kc4 Nd5 36. Kb3 Nb6 37. Ra2 a4+ 38. Kb4 Nd5+ 39. Ka3 Rc8 40.
Re2+ Kd6 41. Nd2 Kd7 42. Ne4 Rc4 43. Nc5+ Kc7 44. Nxa4 Rxa4+ 45. Kxa4 Nc3+ 46.
Kb4 Nxe2 47. Kc4 Nf4 48. Kc5 Nxh3 49. f3 Ng1 50. Kd5 Nxf3 51. Ke6 Nxd4+ 52.
Kxf6 Nf3 53. Kg7 Kd6 54. Kxh7 Ke5 55. Kg6 Kf4 56. Kh5 Nh2 1-0

[Event "Amager Klubmesterskab 2009"]
[Site "Sundbyoster"]
[Date "2009.03.24"]
[Round "7"]
[White "Moller, Arne Vagn"]
[Black "Lunding, Peter M"]
[Result "1-0"]
[WhiteElo "1764"]
[BlackElo "1912"]
[PlyCount "77"]
[EventDate "2009.??.??"]

1. e4 e6 2. d4 d5 3. Nc3 Bb4 4. e5 Ne7 5. a3 Bxc3+ 6. bxc3 c5 7. f4 Nbc6 8. Nf3
Bd7 9. Bd3 cxd4 10. cxd4 h6 11. c3 Qc7 12. Bd2 Na5 13. a4 Nc4 14. O-O Nb2 15.
Qe2 Nxd3 16. Qxd3 Qc4 17. Qxc4 dxc4 18. Rfb1 Bc6 19. Ne1 Be4 20. Rb4 Bd5 21.
Rb2 Nc6 22. a5 O-O-O 23. Nc2 Rd7 24. Ne3 Rc7 25. Bc1 a6 26. Rb6 Na7 27. Ba3 Nb5
28. Bb4 h5 29. Rf1 g6 30. Nxd5 exd5 31. f5 gxf5 32. Rxf5 Rd7 33. Rbf6 Rh7 34.
Rg5 Na7 35. Rg8+ Rd8 36. Rxd8+ Kxd8 37. Rd6+ Kc7 38. Rxd5 Rh6 39. Bd6+ 1-0

[Event "Amager Klubmesterskab 2009"]
[Site "Sundbyoster"]
[Date "2009.03.24"]
[Round "7"]
[White "Nielsen, Bjorn"]
[Black "Friis, Jordy"]
[Result "0-1"]
[WhiteElo "1083"]
[BlackElo "1427"]
[PlyCount "128"]
[EventDate "2009.??.??"]

1. e4 c5 2. Nf3 d6 3. Bc4 Bg4 4. O-O Nc6 5. Be2 Nf6 6. Nc3 g6 7. d3 Bg7 8. Rb1
O-O 9. Be3 a6 10. d4 cxd4 11. Nxd4 Bxe2 12. Ndxe2 b5 13. a3 Rc8 14. Ng3 Ne5 15.
h3 Nc4 16. Bd4 Qa5 17. Na2 Qd2 18. Re1 Qxd1 19. Rbxd1 Rfd8 20. Nb4 a5 21. Nd5
Nxd5 22. Bxg7 Kxg7 23. Rxd5 Rc5 24. b4 Rxd5 25. exd5 Kf8 26. bxa5 Nxa3 27. c3
Ra8 28. a6 Rxa6 29. Ne2 Nc4 30. Nd4 Nb6 31. Nxb5 Nxd5 32. c4 Nf6 33. Rc1 Nd7
34. Kf1 Ra4 35. Rc2 Rb4 36. Nd4 Ne5 37. Ra2 Rxc4 38. Rd2 e6 39. Ke2 Ke7 40. f4
Nc6 41. Nxc6+ Rxc6 42. g3 Rc3 43. Rd3 Rxd3 44. Kxd3 e5 45. fxe5 dxe5 46. Ke4
Ke6 47. g4 f5+ 48. gxf5+ gxf5+ 49. Kf3 e4+ 50. Kf4 Kf6 51. h4 h5 52. Ke3 Ke5
53. Ke2 Kf4 54. Kf2 Kg4 55. Ke3 Kxh4 56. Kf4 Kh3 57. Kxf5 e3 58. Kg5 e2 59.
Kxh5 e1=Q 60. Kh6 Qa5 61. Kg7 Qa6 62. Kh8 Qa7 63. Kg8 Kg4 64. Kh8 Kg5 0-1

[Event "Amager Klubmesterskab 2009"]
[Site "Sundbyoster"]
[Date "2009.03.24"]
[Round "7"]
[White "Nielsen, John Holm"]
[Black "Kokholm, Daniel"]
[Result "1-0"]
[WhiteElo "2003"]
[BlackElo "1909"]
[PlyCount "33"]
[EventDate "2009.??.??"]

1. Nc3 d5 2. e4 dxe4 3. Nxe4 f5 4. Ng5 e5 5. d4 Qxd4 6. Qxd4 exd4 7. Bc4 Nh6 8.
N1f3 c5 9. O-O Bd6 10. Re1+ Kd8 11. Ne6+ Bxe6 12. Rxe6 Nf7 13. Ng5 Nxg5 14.
Rxd6+ Ke7 15. Bf4 Nf7 16. Re1+ Kf8 17. Rd8+ 1-0

[Event "Amager Klubmesterskab 2009"]
[Site "Sundbyoster"]
[Date "2009.03.24"]
[Round "7"]
[White "Nielsen, Mogens Bach"]
[Black "Nielsen, Jens Holm"]
[Result "1-0"]
[WhiteElo "1755"]
[BlackElo "1829"]
[PlyCount "59"]
[EventDate "2009.??.??"]

1. c4 e5 2. Nc3 d6 3. g3 f5 4. Bg2 Nf6 5. e3 Be7 6. Nge2 c6 7. d4 e4 8. Qb3 Na6
9. f3 d5 10. cxd5 cxd5 11. a3 O-O 12. fxe4 fxe4 13. Nxe4 Kh8 14. Nxf6 Rxf6 15.
Qxd5 Rd6 16. Qa2 Be6 17. Qb1 Bg4 18. Bd2 Rf6 19. Nf4 Rxf4 20. exf4 Qxd4 21. Qe4
Qxb2 22. O-O Re8 23. Be3 Nc5 24. Qb4 Nb3 25. Qb5 Rd8 26. Rab1 Qe2 27. Rxb3 Qxb5
28. Rxb5 Be2 29. Rxb7 Bxf1 30. Kxf1 1-0

[Event "Amager Klubmesterskab 2009"]
[Site "Sundbyoster"]
[Date "2009.03.24"]
[Round "7"]
[White "Petersen, Nils"]
[Black "Gade, Jens"]
[Result "1-0"]
[WhiteElo "2032"]
[BlackElo "1394"]
[PlyCount "27"]
[EventDate "2009.??.??"]

1. c4 e5 2. Nc3 Nf6 3. Nf3 Nc6 4. a3 Be7 5. d4 exd4 6. Nxd4 Nxd4 7. Qxd4 O-O 8.
e4 d6 9. Be2 c6 10. O-O Qc7 11. Bf4 Nd7 12. Rad1 Ne5 13. c5 Rd8 14. cxd6 1-0

[Event "Amager Klubmesterskab 2009"]
[Site "Sundbyoster"]
[Date "2009.03.24"]
[Round "7"]
[White "Svensson, John Michael"]
[Black "Jacobsen, Mads Holger Bang"]
[Result "0-1"]
[WhiteElo "1518"]
[BlackElo "1791"]
[PlyCount "52"]
[EventDate "2009.??.??"]

1. d4 d5 2. Nf3 c6 3. Nc3 Nf6 4. Bd2 Bg4 5. e3 Nbd7 6. Be2 e6 7. a3 Bd6 8. h3
Bh5 9. b4 O-O 10. O-O Qe7 11. Bc1 Rfe8 12. b5 c5 13. Na4 Rac8 14. c3 Ne4 15.
Bb2 c4 16. Nd2 Bxe2 17. Qxe2 Ndf6 18. Nf3 Qd7 19. Qc2 Qxb5 20. Nd2 Nxd2 21.
Qxd2 Qxa4 22. f3 Qd7 23. Qf2 e5 24. Rfc1 exd4 25. cxd4 Qe6 26. Rc3 b5 0-1